[Event "Ostravský koník 2017 - MÈR"]
[Site "Ostrava"]
[Date "2017.04.29"]
[Round "1"]
[White "Rabatin, Jakub"]
[Black "Babula, Vlastimil"]
[Result "1/2-1/2"]
[WhiteElo "2286"]
[BlackElo "2559"]
[PlyCount "46"]

1. d4 Nf6 2. Nf3 g6 3. g3 Bg7 4. Bg2 O-O 5. O-O d6 6. c4 Nc6 7. Nc3 a6 8. Bf4
Rb8 9. Rc1 Bd7 10. b3 b5 11. Qd3 b4 12. Ne4 Nh5 13. Bg5 f5 14. Ned2 h6 15. d5
Ne5 16. Nxe5 dxe5 17. Be3 e4 18. Qc2 c6 19. f3 cxd5 20. cxd5 f4 21. gxf4 Nxf4
22. Bxf4 Rxf4 23. Nxe4 Qb6+ 1/2-1/2

[Event "Ostravský koník 2017 - MÈR"]
[Site "Ostrava"]
[Date "2017.04.29"]
[Round "1"]
[White "Krejci, Jan"]
[Black "Macicek, Jakub"]
[Result "1-0"]
[WhiteElo "2520"]
[BlackElo "2284"]
[PlyCount "91"]

1. d4 e6 2. c4 f5 3. g3 Nf6 4. Bg2 d5 5. Nh3 c6 6. Qc2 Bd6 7. O-O O-O 8. Bf4
Be7 9. Nd2 Nh5 10. Nf3 Nxf4 11. Nxf4 Bd6 12. e3 Qe7 13. Rab1 Nd7 14. b4 Nf6 15.
b5 Bd7 16. bxc6 Bxc6 17. c5 Bc7 18. Ng5 Bxf4 19. exf4 h6 20. Nf3 Nd7 21. Rfe1
Qf6 22. h4 Rac8 23. Bf1 b6 24. Ba6 Rc7 25. cxb6 axb6 26. Rbc1 Nb8 27. Qb2 Ra7
28. Bf1 Bd7 29. Ne5 Rb7 30. Qb4 Rd8 31. a4 Be8 32. Re3 Qe7 33. Qb3 Rc7 34. Rb1
Rdc8 35. Qxb6 Bxa4 36. Ng6 Qf7 37. Rxe6 Nc6 38. Rd6 Kh7 39. Ne5 Qe7 40. Rxd5
Rb8 41. Qxb8 Nxb8 42. Rxb8 Bd7 43. Bd3 Qe6 44. Rxd7 Rxd7 45. Bc4 Rd5 46. Rd8
1-0

[Event "Ostravský koník 2017 - MÈR"]
[Site "Ostrava"]
[Date "2017.04.29"]
[Round "1"]
[White "Plat, Vojtech"]
[Black "Vybiral, Zdenek"]
[Result "1-0"]
[WhiteElo "2510"]
[BlackElo "2271"]
[PlyCount "89"]

1. d4 e6 2. e4 d5 3. Nd2 a6 4. Bd3 c5 5. exd5 Qxd5 6. Ngf3 cxd4 7. O-O Nf6 8.
Nb3 Nc6 9. Nbxd4 Nxd4 10. Nxd4 Bc5 11. Nf3 Bd7 12. Bf4 Bc6 13. c4 Qh5 14. Ne5
Qxd1 15. Raxd1 Rc8 16. Nxc6 Rxc6 17. Be2 Ke7 18. Bf3 Rb6 19. b3 Rc8 20. Rd3 Ne8
21. Rfd1 Nd6 22. Bd2 Nf5 23. Bg5+ f6 24. Rd7+ Kf8 25. Bc1 Rd6 26. Bxb7 Rxd1+
27. Rxd1 Rc7 28. Be4 Nd4 29. Kf1 f5 30. Bf4 Re7 31. Be5 Nxb3 32. Rd8+ Kf7 33.
axb3 fxe4 34. Rc8 Bb4 35. c5 Rd7 36. Bd6 e5 37. Ke2 Ke6 38. Rb8 Ba5 39. b4 Bd8
40. Ra8 Kd5 41. Rxa6 Kc4 42. Bxe5 Kxb4 43. c6 Kb5 44. cxd7 Kxa6 45. Bxg7 1-0

[Event "Ostravský koník 2017 - MÈR"]
[Site "Ostrava"]
[Date "2017.04.29"]
[Round "1"]
[White "Havlik, Kristyna"]
[Black "Malinovsky, Karel"]
[Result "1/2-1/2"]
[WhiteElo "2251"]
[BlackElo "2479"]
[PlyCount "59"]

1. e4 e5 2. Nf3 Nc6 3. Bb5 a6 4. Ba4 Nf6 5. O-O Be7 6. Re1 b5 7. Bb3 d6 8. a4
Bb7 9. d3 O-O 10. Nc3 Na5 11. axb5 Nxb3 12. cxb3 axb5 13. Rxa8 Bxa8 14. Nxb5 c5
15. Na3 Ne8 16. Bd2 Qb8 17. Ba5 f5 18. Nc4 Bc6 19. b4 cxb4 20. Qb3 Rf7 21. Qxb4
Qa8 22. Nb6 Qb7 23. Nc4 Qa8 24. Nb6 Qb7 25. Qc4 fxe4 26. dxe4 Bd8 27. Qb4 Be7
28. Qc4 Bd8 29. Qb4 Be7 30. Qc4 1/2-1/2

[Event "Ostravský koník 2017 - MÈR"]
[Site "Ostrava"]
[Date "2017.04.29"]
[Round "1"]
[White "Rasik, Vitezslav"]
[Black "Belunek, Vladimir"]
[Result "1-0"]
[WhiteElo "2467"]
[BlackElo "2248"]
[PlyCount "137"]

1. e4 e5 2. Nf3 Nc6 3. Bb5 a6 4. Ba4 Nf6 5. O-O Be7 6. Re1 b5 7. Bb3 O-O 8. h3
d6 9. c3 Na5 10. Bc2 c5 11. d3 Nc6 12. Nbd2 Re8 13. Nf1 h6 14. Ng3 Bf8 15. Nh2
d5 16. Qf3 d4 17. Nf5 Bxf5 18. Qxf5 Ra7 19. Nf1 g6 20. Qf3 Bg7 21. Bd2 Qd6 22.
Rec1 Nd7 23. a4 c4 24. axb5 axb5 25. Rxa7 Nxa7 26. dxc4 bxc4 27. b3 dxc3 28.
Bxc3 cxb3 29. Bxb3 Nf6 30. Ne3 Qa3 31. Rb1 Nc6 32. Nd5 Nxd5 33. Bxd5 Nd8 34.
Rb6 Ne6 35. Bxe6 fxe6 36. Rb7 Re7 37. Rb8+ Kh7 38. Qg3 Qc1+ 39. Kh2 Qf4 40. f3
Rc7 41. Bb2 Rd7 42. Rb6 Re7 43. Rb5 Kg8 44. Bxe5 Bxe5 45. Rxe5 Qf6 46. Ra5 e5
47. Rd5 h5 48. h4 Kf7 49. Qg5 Qf4+ 50. Qxf4+ exf4 51. g3 fxg3+ 52. Kxg3 Kg7 53.
Rd6 Rf7 54. e5 Re7 55. Kf4 Kf7 56. Rf6+ Kg7 57. Rc6 Kf7 58. Rd6 Kg7 59. Ke4 Ra7
60. Kd5 Ra3 61. Rd7+ Kf8 62. Ke4 Ra4+ 63. Rd4 Ra5 64. f4 Kf7 65. f5 gxf5+ 66.
Kxf5 Ke7 67. Rb4 Ra1 68. Rb7+ Kf8 69. Rh7 1-0

[Event "Ostravský koník 2017 - MÈR"]
[Site "Ostrava"]
[Date "2017.04.29"]
[Round "1"]
[White "Olsarova, Karolina"]
[Black "Cernousek, Lukas"]
[Result "0-1"]
[WhiteElo "2245"]
[BlackElo "2462"]
[PlyCount "98"]

1. e4 c6 2. d4 d5 3. Nd2 dxe4 4. Nxe4 Bf5 5. Ng3 Bg6 6. h4 h6 7. Nf3 Nd7 8. h5
Bh7 9. Bd3 Bxd3 10. Qxd3 e6 11. Bd2 Ngf6 12. O-O-O Be7 13. Kb1 O-O 14. Ne4 c5
15. Bc1 Qc7 16. dxc5 Nxc5 17. Nxf6+ Bxf6 18. Qc4 b5 19. Qg4 Rac8 20. Bf4 Qc6
21. Be5 Qe4 22. Qxe4 Nxe4 23. Bxf6 gxf6 24. Rhf1 Rfd8 25. Rde1 f5 26. Kc1 Rd5
27. Rd1 Rcd8 28. Rxd5 Rxd5 29. Ne1 Nf6 30. Nd3 Nxh5 31. Nb4 Rd6 32. Rd1 Rxd1+
33. Kxd1 Nf4 34. g3 Nd5 35. Nxd5 exd5 36. f4 b4 37. Ke2 Kg7 38. Ke3 Kg6 39. a3
bxa3 40. bxa3 Kh5 41. Kd4 Kg4 42. Kxd5 Kxg3 43. c4 h5 44. c5 h4 45. c6 h3 46.
c7 h2 47. c8=Q h1=Q+ 48. Kd6 Qh6+ 49. Kc5 Qb6+ {Kd4} 0-1

[Event "Ostravský koník 2017 - MÈR"]
[Site "Ostrava"]
[Date "2017.04.29"]
[Round "1"]
[White "Biolek, Richard"]
[Black "Sikora, Jan"]
[Result "1/2-1/2"]
[WhiteElo "2445"]
[BlackElo "2204"]
[PlyCount "114"]

1. e4 c5 2. Nf3 d6 3. d4 cxd4 4. Nxd4 Nf6 5. Nc3 a6 6. Bg5 Nbd7 7. f4 b5 8. Qe2
e5 9. fxe5 dxe5 10. O-O-O Qc7 11. Nf5 h6 12. Bh4 g6 13. Ne3 Bb7 14. Qf3 Bg7 15.
g4 b4 16. Bxf6 Nxf6 17. Ncd5 Nxd5 18. Nxd5 Bxd5 19. exd5 Qd6 20. Bd3 O-O 21.
Rde1 e4 22. Rxe4 Qxd5 23. Bc4 Qg5+ 24. Kb1 Kh7 25. h4 Qf6 26. Qxf6 Bxf6 27. h5
Kg7 28. Rf1 Bg5 29. hxg6 fxg6 30. Rxf8 Kxf8 31. Re6 Re8 32. Rxe8+ Kxe8 33. Bxa6
h5 34. gxh5 gxh5 35. a4 bxa3 36. bxa3 Kd7 37. Kb2 Kc6 38. Kb3 Kc5 39. Bc8 Bd2
40. c3 Bf4 41. a4 Bc7 42. Kc2 h4 43. Bh3 Ba5 44. Kd3 Bd8 45. Bf1 Ba5 46. Ke4
Bxc3 47. a5 Bxa5 48. Kf3 Bc7 49. Kg2 Kd4 50. Bd3 Kxd3 51. Kh1 Bd8 52. Kh2 Ke4
53. Kh1 Bc7 54. Kg1 Kf3 55. Kh1 Bb6 56. Kh2 Kf2 57. Kh1 Kg3 1/2-1/2

[Event "Ostravský koník 2017 - MÈR"]
[Site "Ostrava"]
[Date "2017.04.29"]
[Round "1"]
[White "Sobek, Jaroslav"]
[Black "Nguyen, Thai Dai Van"]
[Result "0-1"]
[WhiteElo "2202"]
[BlackElo "2441"]
[PlyCount "109"]

1. d4 Nf6 2. c4 e6 3. Nc3 Bb4 4. Bd2 O-O 5. Nf3 b6 6. e3 Bb7 7. Be2 d5 8. cxd5
exd5 9. O-O Nbd7 10. Qa4 Bd6 11. Ba6 Qc8 12. Bxb7 Qxb7 13. Rac1 c6 14. Rfe1
Rfe8 15. Qc2 c5 16. Qf5 c4 17. b3 b5 18. bxc4 bxc4 19. Rb1 Qc6 20. h4 g6 21.
Qc2 Rab8 22. Ng5 h6 23. Nh3 Rxb1 24. Rxb1 Ne4 25. Nxe4 Rxe4 26. g3 Nf6 27. Bb4
Kg7 28. Bxd6 Qxd6 29. Nf4 Re7 30. Rb5 a6 31. Rc5 Rc7 32. Rxc7 Qxc7 33. Kg2 Qa5
34. Kf1 Ne4 35. Ne2 Qa3 36. f3 Nd6 37. Nc3 Nf5 38. Kf2 Qd6 39. Ne2 Qa3 40. Nc3
Qa5 41. h5 Qd8 42. f4 Qd7 43. hxg6 fxg6 44. Qb1 Qe6 45. Qb7+ Qe7 46. Qxe7+ Nxe7
47. Kf3 Kf6 48. e4 dxe4+ 49. Kxe4 h5 50. d5 Nf5 51. Ne2 Ke7 52. Ke5 Kd7 53. Kf6
Nxg3 54. Nxg3 h4 55. Kxg6 0-1

[Event "Ostravský koník 2017 - MÈR"]
[Site "Ostrava"]
[Date "2017.04.29"]
[Round "1"]
[White "Velicka, Petr"]
[Black "Postupa, Pavel"]
[Result "1/2-1/2"]
[WhiteElo "2432"]
[BlackElo "2202"]
[PlyCount "90"]

1. e4 c5 2. Nf3 d6 3. Bb5+ Bd7 4. Bxd7+ Qxd7 5. c4 Nc6 6. d4 cxd4 7. Nxd4 g6 8.
Nc3 Bg7 9. Be3 Nf6 10. f3 O-O 11. O-O a6 12. Qd3 Rac8 13. b3 e6 14. Rac1 Qe7
15. Rfd1 Rfd8 16. Kh1 Nd7 17. Nde2 Nc5 18. Qd2 Qc7 19. Rb1 Ne5 20. Nd4 Nc6 21.
Nxc6 Qxc6 22. Bg5 Rd7 23. b4 Na4 24. Nxa4 Qxa4 25. c5 d5 26. Rb3 a5 27. Bf4
axb4 28. Rxb4 Qa5 29. Be3 Rcc7 30. Rxb7 Qxd2 31. Rb8+ Bf8 32. Rxd2 Kg7 33. exd5
Bxc5 34. Bxc5 Rxc5 35. Rb1 Rdxd5 36. Rdb2 Ra5 37. Kg1 Ra3 38. Rc1 g5 39. Kf2
Kg6 40. Rcc2 Rd1 41. Kg3 h5 42. h3 h4+ 43. Kf2 Ra1 44. Rd2 Kf5 45. Re2 f6
1/2-1/2

[Event "Ostravský koník 2017 - MÈR"]
[Site "Ostrava"]
[Date "2017.04.29"]
[Round "1"]
[White "Novosadova, Kristyna"]
[Black "Vykouk, Jan"]
[Result "0-1"]
[WhiteElo "2198"]
[BlackElo "2424"]
[PlyCount "104"]

1. d4 Nf6 2. Nf3 b6 3. e3 Bb7 4. Be2 g6 5. c4 Bg7 6. Nc3 O-O 7. O-O d5 8. Qc2
e6 9. b3 Nbd7 10. Ba3 c5 11. Rac1 Qb8 12. Rfd1 Rc8 13. dxc5 Nxc5 14. cxd5 Nce4
15. Qd3 Nxc3 16. Rxc3 Rxc3 17. Qxc3 Nxd5 18. Qd3 Nc3 19. Rd2 Be4 20. Qd7 Qe8
21. Qxe8+ Rxe8 22. Bd3 Rc8 23. Ba6 Ra8 24. Be7 Bb1 25. Nd4 Re8 26. Ba3 Rd8 27.
Bb4 Ne4 28. Rb2 Bxd4 29. Rxb1 Bc3 30. Be7 Rd2 31. f3 Rxa2 32. fxe4 Rxa6 33. b4
Ra2 34. Bd6 a5 35. bxa5 bxa5 36. Rb8+ Kg7 37. e5 g5 38. h4 gxh4 39. Kh2 Rb2 40.
Ra8 Rb5 41. Kh3 Bxe5 42. Bf8+ Kg6 43. Kxh4 Rb8 44. Rxb8 Bxb8 45. e4 Be5 46. Ba3
f5 47. exf5+ Kxf5 48. Kh5 Bg7 49. g4+ Ke4 50. g5 Kd3 51. g6 hxg6+ 52. Kxg6 Bc3
0-1

[Event "Ostravský koník 2017 - MÈR"]
[Site "Ostrava"]
[Date "2017.04.29"]
[Round "1"]
[White "Kraus, Tomas"]
[Black "Bartos, Jan"]
[Result "1-0"]
[WhiteElo "2418"]
[BlackElo "2157"]
[PlyCount "97"]

1. d4 d5 2. c4 dxc4 3. Nf3 Nf6 4. e3 Bg4 5. Bxc4 e6 6. h3 Bh5 7. Nbd2 Nc6 8.
Be2 a6 9. O-O Bd6 10. b3 Qe7 11. Nc4 O-O 12. Bb2 Rfd8 13. Rc1 Rac8 14. a3 b5
15. Ncd2 Nb8 16. b4 Nbd7 17. Nb3 e5 18. Na5 e4 19. Nc6 Qf8 20. Nfe5 Bxe2 21.
Qxe2 Re8 22. f3 Nb8 23. fxe4 Nxc6 24. Rxc6 Bxe5 25. dxe5 Nxe4 26. Qc2 Ng5 27.
Rxa6 c5 28. bxc5 Rxc5 29. Qb3 Qe7 30. Bd4 Rc4 31. Ra7 Qe6 32. Qxb5 Nxh3+ 33.
Kh2 Ng5 34. Qd7 Qh6+ 35. Kg1 Rec8 36. Qf5 g6 37. Qf4 Rc1 38. e6 Rxf1+ 39. Qxf1
fxe6 40. Rg7+ Qxg7 41. Bxg7 Kxg7 42. Qa1+ Kf7 43. Qe5 h6 44. a4 Nh7 45. Qb2 Rd8
46. Qb7+ Kg8 47. a5 Nf6 48. a6 Ng4 49. Qb1 1-0

[Event "Ostravský koník 2017 - MÈR"]
[Site "Ostrava"]
[Date "2017.04.29"]
[Round "1"]
[White "Vanek, Tomas"]
[Black "Vokac, Marek"]
[Result "1/2-1/2"]
[WhiteElo "2134"]
[BlackElo "2415"]
[PlyCount "116"]

1. d4 g6 2. Nc3 d5 3. Bf4 Bg7 4. e3 Nf6 5. Be5 O-O 6. h4 c5 7. h5 Nc6 8. Nf3
Bg4 9. hxg6 hxg6 10. Rh4 cxd4 11. exd4 Bxf3 12. Qxf3 e6 13. O-O-O Ne4 14. Nxe4
Nxe5 15. Qg3 dxe4 16. dxe5 Qa5 17. Rxe4 Qxa2 18. Qa3 Qxa3 19. bxa3 Rfd8 20.
Rxd8+ Rxd8 21. f4 Bf8 22. Ra4 Bc5 23. Bd3 b6 24. Kb2 a5 25. Re4 Kg7 26. g4 Rd5
27. Kb3 Bg1 28. a4 Bh2 29. Kc3 g5 30. Rd4 Rxd4 31. Kxd4 gxf4 32. Ke4 f3 33.
Kxf3 Bxe5 34. Bc4 Kf6 35. Ke4 Bd6 36. Ba6 Ba3 37. Bb5 Ke7 38. Be2 Kd6 39. Bb5
Bb2 40. Bd3 Kc5 41. Bb5 Kb4 42. Be8 f6 43. Bd7 Bc1 44. Kd3 Bf4 45. Ke4 Bd6 46.
Kd3 Bc5 47. Ke4 Be7 48. Kd3 f5 49. gxf5 exf5 50. Bb5 Bd6 51. c4 Bc5 52. Ke2 f4
53. Kf3 Bd6 54. Ke4 Kc3 55. Kf3 Kd4 56. Ba6 Ke5 57. Bb5 Bc5 58. Ba6 Be3 {Ke4+}
1/2-1/2

[Event "Ostravský koník 2017 - MÈR"]
[Site "Ostrava"]
[Date "2017.04.29"]
[Round "1"]
[White "Voloshin, Leonid"]
[Black "Kanakova, Natalie"]
[Result "1/2-1/2"]
[WhiteElo "2406"]
[BlackElo "2112"]
[PlyCount "65"]

1. d4 Nf6 2. c4 e6 3. Nf3 b6 4. a3 Bb7 5. Nc3 d5 6. cxd5 Nxd5 7. Qc2 Nxc3 8.
bxc3 Nd7 9. e4 Be7 10. Bd3 O-O 11. O-O c5 12. Qe2 Qc7 13. Bb2 Rac8 14. Nd2 Nf6
15. f4 c4 16. Bc2 g6 17. a4 a6 18. Ba3 b5 19. Bxe7 Qxe7 20. Rfb1 Bc6 21. h3 Qc7
22. Qe3 Rb8 23. Bd1 Rfe8 24. Bf3 Nd7 25. a5 f5 26. e5 Rbd8 27. Bxc6 Qxc6 28.
Kh2 Nb8 29. g4 Kh8 30. Rb2 Qc7 31. Nf3 Nc6 32. Rg1 Ne7 33. gxf5 1/2-1/2

[Event "Ostravský koník 2017 - MÈR"]
[Site "Ostrava"]
[Date "2017.04.29"]
[Round "1"]
[White "Bures, Martin"]
[Black "Roubalik, Jakub"]
[Result "0-1"]
[WhiteElo "2084"]
[BlackElo "2397"]
[PlyCount "110"]

1. Nf3 d5 2. d4 Nf6 3. c4 e6 4. g3 Be7 5. Bg2 O-O 6. O-O dxc4 7. Na3 Bxa3 8.
bxa3 Nc6 9. Bb2 Bd7 10. Rc1 b5 11. Ne5 Nd5 12. Nxd7 Qxd7 13. e4 Nb6 14. d5 exd5
15. exd5 Ne7 16. d6 cxd6 17. Bxa8 Rxa8 18. Qd4 Nf5 19. Qg4 d5 20. Rcd1 Rc8 21.
Rfe1 h5 22. Qxh5 c3 23. Bc1 d4 24. Re5 g6 25. Qg5 Re8 26. Rxe8+ Qxe8 27. Kf1
Qe4 28. g4 Ne7 29. Qxb5 Qxg4 30. Re1 Qh3+ 31. Kg1 Qg4+ 32. Kf1 Nf5 33. Re8+ Kh7
34. Qe5 Qd1+ 35. Kg2 Qg4+ 36. Kf1 Ng7 37. Re7 Nc4 38. Qe2 Qh3+ 39. Kg1 d3 40.
Qd1 d2 41. Bxd2 cxd2 42. Re4 Qd3 43. Rxc4 Qxc4 44. Qxd2 Nf5 45. Qd8 Nh4 46. h3
Qe4 47. Kf1 Qb1+ 48. Ke2 Qxa2+ 49. Kf1 Qb1+ 50. Ke2 Qe4+ 51. Kd1 Qf3+ 52. Kc1
Qxa3+ 53. Kb1 Qxh3 54. Qd4 Qf5+ 55. Ka1 Qa5+ 0-1

[Event "Ostravský koník 2017 - MÈR"]
[Site "Ostrava"]
[Date "2017.04.29"]
[Round "1"]
[White "Didi, Jan"]
[Black "Blatny, Pavel"]
[Result "1-0"]
[WhiteElo "2050"]
[BlackElo "2388"]
[PlyCount "115"]

1. e4 b6 2. d4 Bb7 3. d5 g6 4. c4 Bg7 5. Nc3 e5 6. Bd3 d6 7. Be3 Nd7 8. Nge2
Ne7 9. O-O O-O 10. Qd2 Bc8 11. Rac1 f5 12. f4 Nf6 13. h3 fxe4 14. Nxe4 Nxe4 15.
Bxe4 Bf5 16. Ng3 Qd7 17. fxe5 Bxe5 18. Nxf5 gxf5 19. Bb1 Ng6 20. Bh6 Rf7 21.
Qg5 Bxb2 22. Rce1 Bf6 23. Qh5 Re8 24. Rxe8+ Qxe8 25. Bxf5 Bd4+ 26. Kh1 Kh8 27.
Qd1 Bg7 28. Bxg7+ Kxg7 29. Bxg6 Rxf1+ 30. Qxf1 Qxg6 31. Qe2 Qg5 32. Kh2 a5 33.
Qe4 a4 34. a3 Qf6 35. Kg3 Qg5+ 36. Kf3 Qf6+ 37. Kg3 h5 38. Qf4 Qg6+ 39. Kf3
Qd3+ 40. Kf2 Qc2+ 41. Kf3 Qb3+ 42. Kf2 Qb2+ 43. Kf1 Qf6 44. Qxf6+ Kxf6 45. Kf2
Ke5 46. Ke3 h4 47. g4 hxg3 48. Kf3 Kd4 49. h4 Kxc4 50. h5 Kb3 51. h6 g2 52.
Kxg2 Kxa3 53. h7 b5 54. h8=Q b4 55. Qa1+ Kb3 56. Kf3 a3 57. Ke3 Kc2 58. Ke2 1-0

[Event "Ostravský koník 2017 - MÈR"]
[Site "Ostrava"]
[Date "2017.04.29"]
[Round "1"]
[White "Psenicka, Pavel"]
[Black "Obsivac, Josef"]
[Result "0-1"]
[WhiteElo "2019"]
[BlackElo "2361"]
[PlyCount "158"]

1. Nf3 d5 2. d4 c6 3. c3 Bg4 4. Nbd2 Nd7 5. e4 dxe4 6. Nxe4 Ngf6 7. Nxf6+ Nxf6
8. Be2 e6 9. h3 Bh5 10. Ne5 Bxe2 11. Qxe2 Be7 12. O-O O-O 13. Bg5 Nd5 14. Bxe7
Qxe7 15. Nd3 Rfd8 16. Rfd1 Qf6 17. Qe5 Rac8 18. Qxf6 Nxf6 19. f3 Kf8 20. Kf2
Nd7 21. Ke2 Ke7 22. g3 g5 23. Rf1 c5 24. Nxc5 Nxc5 25. dxc5 Rxc5 26. Rad1 Re5+
27. Kf2 Red5 28. Rxd5 Rxd5 29. Ke2 f5 30. Rh1 h5 31. h4 g4 32. f4 e5 33. fxe5
Rxe5+ 34. Kf2 Ra5 35. a3 Ra4 36. Rd1 Ke6 37. Rd8 f4 38. gxf4 Rxf4+ 39. Kg2 a5
40. Rb8 Rf7 41. Rh8 Rf5 42. Rh6+ Kd7 43. a4 b5 44. b3 bxa4 45. bxa4 Rc5 46. Ra6
Ke7 47. c4 Kf7 48. Kf2 Rxc4 49. Rxa5 Kg6 50. Rg5+ Kh6 51. Ra5 Rc3 52. Ra6+ Kg7
53. Ra5 Kg6 54. Rg5+ Kh6 55. a5 Rh3 56. Rb5 Rxh4 57. a6 Rh2+ 58. Kg3 Rh3+ 59.
Kf4 Rf3+ 60. Ke4 Ra3 61. Kf4 Rxa6 62. Rb4 Rf6+ 63. Kg3 Rf3+ 64. Kg2 Kg5 65.
Rb5+ Rf5 66. Rb2 Ra5 67. Rc2 h4 68. Rb2 h3+ 69. Kg3 Ra3+ 70. Kh2 Kh4 71. Rb4
Ra2+ 72. Kg1 Re2 73. Ra4 Kg3 74. Ra3+ Kf4 75. Ra4+ Kf3 76. Ra1 g3 77. Rf1+ Kg4
78. Ra1 h2+ 79. Kh1 Kh3 0-1

[Event "Ostravský koník 2017 - FIDE Open A"]
[Site "Ostrava"]
[Date "2017.04.30"]
[Round "1"]
[White "Vesselovsky, Serguei"]
[Black "Dvorak, Vladimir"]
[Result "1-0"]
[WhiteElo "2344"]
[BlackElo "2344"]
[PlyCount "123"]

1. e4 e6 2. d3 d5 3. Qe2 Nf6 4. Nf3 c5 5. g3 Nc6 6. Bg2 Be7 7. O-O O-O 8. e5
Nd7 9. c4 Nb6 10. Nc3 f5 11. exf6 Bxf6 12. Bf4 a6 13. Rad1 Nd4 14. Nxd4 cxd4
15. Nb1 Re8 16. Be5 Bd7 17. Nd2 Bc6 18. Nf3 Nd7 19. Bxd4 e5 20. Bc3 d4 21. Bb4
Qb6 22. Qd2 a5 23. Ba3 Rad8 24. Ng5 Bxg5 25. Qxg5 Nf6 26. f3 Re6 27. Rde1 Rde8
28. Bh3 h6 29. Bxe6+ Rxe6 30. Qf5 Bd7 31. Rxe5 Re7 32. Rb5 Bxf5 33. Rxb6 Re3
34. Bc5 Rxd3 35. Rd6 Bh3 36. Rxd4 Bxf1 37. Kxf1 Rxf3+ 38. Ke2 Rf5 39. Rd8+ Kf7
40. Bd4 Ke6 41. Rb8 Rh5 42. h4 g5 43. Rxb7 Ne4 44. Kf3 gxh4 45. Kxe4 h3 46.
Rb6+ Kd7 47. Bg1 h2 48. Bxh2 Rxh2 49. a4 h5 50. Kd4 h4 51. gxh4 Rxh4+ 52. Kc3
Rh3+ 53. Kc2 Rh2+ 54. Kb3 Rh3+ 55. Ka2 Rh8 56. c5 Rc8 57. Rb5 Ra8 58. Kb3 Kc6
59. Kc4 Ra6 60. Rb6+ Rxb6 61. cxb6 Kxb6 62. Kd5 1-0

[Event "Ostravský koník 2017 - FIDE Open A"]
[Site "Ostrava"]
[Date "2017.04.30"]
[Round "1"]
[White "Zylka, Stanislaw"]
[Black "Vesely, Martin"]
[Result "1-0"]
[WhiteElo "2305"]
[BlackElo "2305"]
[PlyCount "65"]

1. d4 Nf6 2. Nf3 g6 3. g3 Bg7 4. Bg2 d6 5. O-O O-O 6. c4 Nbd7 7. Nc3 c6 8. e4
e5 9. h3 Re8 10. Re1 exd4 11. Nxd4 Nc5 12. Bf4 Nh5 13. Be3 Nf6 14. Qc2 a5 15.
Rad1 Qc7 16. Ndb5 cxb5 17. Nxb5 Qe7 18. Nxd6 Nfd7 19. Nxe8 Qxe8 20. e5 Qe7 21.
f4 Nf8 22. Qf2 Nce6 23. g4 f5 24. exf6 Qxf6 25. f5 gxf5 26. gxf5 Ng5 27. Qg3
Nf7 28. Bd4 Qg5 29. Qxg5 Nxg5 30. Bd5+ Kh8 31. f6 Nxh3+ 32. Kf1 Bh6 33. Re8 1-0

[Event "Ostravský koník 2017 - MÈR"]
[Site "Ostrava"]
[Date "2017.04.30"]
[Round "2"]
[White "Hracek, Zbynek"]
[Black "Kraus, Tomas"]
[Result "1/2-1/2"]
[WhiteElo "2610"]
[BlackElo "2418"]
[PlyCount "43"]

1. e4 c5 2. Nf3 d6 3. d4 cxd4 4. Nxd4 Nf6 5. Nc3 a6 6. Be3 e5 7. Nb3 Be6 8. f3
Be7 9. Qd2 O-O 10. O-O-O a5 11. a4 Na6 12. g4 Nb4 13. g5 Nh5 14. Rg1 Rc8 15.
Kb1 g6 16. Bb5 f5 17. gxf6 Nxf6 18. Bg5 d5 19. Bxf6 Rxf6 20. exd5 Bf5 21. Na1
Rd6 22. Rge1 1/2-1/2

[Event "Ostravský koník 2017 - MÈR"]
[Site "Ostrava"]
[Date "2017.04.30"]
[Round "2"]
[White "Cvek, Robert"]
[Black "Dolezal, Radoslav"]
[Result "1/2-1/2"]
[WhiteElo "2518"]
[BlackElo "2399"]
[PlyCount "33"]

1. d4 Nf6 2. Nf3 e6 3. Bf4 d5 4. e3 Bd6 5. Bg3 Ne4 6. Nbd2 Nxg3 7. hxg3 f5 8.
c4 c6 9. Bd3 Qf6 10. Qc2 Nd7 11. O-O-O g6 12. Rh4 h5 13. Rdh1 Rg8 14. Kb1 Qe7
15. cxd5 cxd5 16. Nb3 Nf6 17. Qe2 1/2-1/2

[Event "Ostravský koník 2017 - MÈR"]
[Site "Ostrava"]
[Date "2017.04.30"]
[Round "2"]
[White "Zwardon, Vojtech"]
[Black "Plat, Vojtech"]
[Result "0-1"]
[WhiteElo "2406"]
[BlackElo "2510"]
[PlyCount "108"]

1. c4 e5 2. g3 d6 3. Bg2 Nf6 4. Nc3 c6 5. Nf3 Be7 6. O-O Nbd7 7. d4 Qc7 8. Qc2
O-O 9. b3 Re8 10. Ba3 Bf8 11. dxe5 dxe5 12. Bxf8 Nxf8 13. Rad1 Bg4 14. Ng5 Rad8
15. Nge4 Nxe4 16. Nxe4 Ne6 17. Rxd8 Rxd8 18. e3 Qe7 19. c5 Bf5 20. b4 Ng5 21.
a4 Qd7 22. b5 cxb5 23. axb5 Nxe4 24. Bxe4 Bxe4 25. Qxe4 Qxb5 26. Qxe5 Qc6 27.
Qe7 Re8 28. Qd6 a5 29. Ra1 Qb5 30. Qd2 a4 31. Qc2 Ra8 32. Rb1 Qd7 33. Qe4 Qc6
34. Qxc6 bxc6 35. Kf1 f5 36. Ke2 Kf7 37. Kd3 Ke6 38. Kc4 Ke5 39. Ra1 a3 40. Ra2
Ke4 41. h4 g6 42. Kb4 Kd3 43. Rxa3+ Rxa3 44. Kxa3 Kc4 45. Kb2 h6 46. Kc2 g5 47.
Kd2 Kxc5 48. f3 Kd5 49. h5 Ke5 50. Kd3 g4 51. f4+ Kd5 52. e4+ fxe4+ 53. Ke3 c5
54. f5 Ke5 0-1

[Event "Ostravský koník 2017 - MÈR"]
[Site "Ostrava"]
[Date "2017.04.30"]
[Round "2"]
[White "Kislinsky, Alexey"]
[Black "Vavra, Pavel"]
[Result "1-0"]
[WhiteElo "2481"]
[BlackElo "2390"]
[PlyCount "99"]

1. e4 e6 2. d4 d5 3. Nc3 Nf6 4. e5 Nfd7 5. Nf3 c5 6. dxc5 Nc6 7. Bf4 a6 8. Na4
h6 9. h4 g6 10. c4 Nxc5 11. Nxc5 Bxc5 12. a3 dxc4 13. Bxc4 b5 14. Bd3 Bb7 15.
Rc1 Qd5 16. Bxg6 Nd4 17. Bh5 Rd8 18. Be3 Nxf3+ 19. Qxf3 Qxf3 20. Bxf3 Bxe3 21.
fxe3 Bd5 22. O-O Bxf3 23. Rxf3 O-O 24. Rc6 Rd2 25. b4 Rd5 26. Rxa6 Rxe5 27. Ra5
Rb8 28. Ra7 Rf8 29. Kf2 Kg7 30. Rf4 Kg6 31. e4 f5 32. g4 Rxe4 33. Rxe4 fxe4+
34. Ke3 Rf1 35. Kxe4 Kf6 36. Rh7 Re1+ 37. Kd4 Kg6 38. Rb7 Ra1 39. Rxb5 Rxa3 40.
Re5 Kf6 41. Re3 Ra1 42. b5 Ke7 43. Rb3 Ra4+ 44. Kc5 Kd7 45. Rg3 e5 46. g5 hxg5
47. hxg5 Ke6 48. g6 Ra8 49. g7 Rg8 50. b6 1-0

[Event "Ostravský koník 2017 - MÈR"]
[Site "Ostrava"]
[Date "2017.04.30"]
[Round "2"]
[White "Roubalik, Jakub"]
[Black "Simacek, Pavel"]
[Result "0-1"]
[WhiteElo "2397"]
[BlackElo "2480"]
[PlyCount "178"]

1. d4 d5 2. Nf3 Bf5 3. c4 e6 4. Nc3 Nc6 5. a3 dxc4 6. Qa4 Qd7 7. Qxc4 Nf6 8. b4
Ne4 9. e3 Be7 10. Be2 O-O 11. O-O Rfd8 12. Nxe4 Bxe4 13. Bb2 a6 14. Rfd1 Qd5
15. Qc3 Qh5 16. Rac1 Rd5 17. Qe1 Qg6 18. Qf1 Bd6 19. Nh4 Qh6 20. g3 Ne7 21. Bf3
Bxf3 22. Nxf3 Qg6 23. Qg2 Qe4 24. Nd2 Qxg2+ 25. Kxg2 c6 26. e4 Rh5 27. Nb3 Kf8
28. Na5 Rb8 29. Nc4 Bc7 30. Bc3 Nc8 31. Ne5 Bxe5 32. dxe5 Nb6 33. Bd4 Na4 34.
f4 g5 35. g4 Rh4 36. Kg3 h5 37. h3 hxg4 38. hxg4 Kg7 39. f5 Rbh8 40. Bg1 Nc3
41. Re1 Rh3+ 42. Kg2 Rd3 43. Bf2 Rhh3 44. Rc2 Kg8 45. Rcc1 Rhf3 46. Rc2 Rf4 47.
Re3 Rxf2+ 48. Kxf2 Nd1+ 49. Ke2 Rxe3+ 50. Kxd1 Rxe4 51. fxe6 Rxe5 52. exf7+
Kxf7 53. Rh2 Kg6 54. Rh8 a5 55. bxa5 Rxa5 56. Rb8 Rxa3 57. Rxb7 Kf6 58. Rc7 Rc3
59. Kd2 Rc5 60. Ke3 Ke6 61. Rg7 Re5+ 62. Kd4 Rd5+ 63. Kc4 Kf6 64. Rc7 Rd1 65.
Kc3 Ke5 66. Rf7 Ke4 67. Rf5 Rd5 68. Rf6 Rd1 69. Rf5 Rd5 70. Rf6 Ke3 71. Rf5 Rb5
72. Kc2 Kd4 73. Rf6 Rc5+ 74. Kd2 Kc4 75. Rg6 Rd5+ 76. Ke3 Re5+ 77. Kd2 c5 78.
Rg8 Kd4 79. Rd8+ Ke4 80. Rf8 Kd4 81. Rd8+ Rd5 82. Rf8 Kc4+ 83. Ke3 Re5+ 84. Kf3
Kd4 85. Rd8+ Kc3 86. Kf2 c4 87. Rf8 Kd3 88. Rf5 Kd4 89. Rf8 c3 0-1

[Event "Ostravský koník 2017 - MÈR"]
[Site "Ostrava"]
[Date "2017.04.30"]
[Round "2"]
[White "Vlasak, Lukas"]
[Black "Rasik, Vitezslav"]
[Result "1/2-1/2"]
[WhiteElo "2375"]
[BlackElo "2467"]
[PlyCount "30"]

1. c4 g6 2. Nc3 Bg7 3. g3 Nf6 4. Bg2 O-O 5. Nf3 d6 6. O-O e5 7. d3 Nc6 8. Bg5
h6 9. Bxf6 Bxf6 10. Rb1 a5 11. a3 Bg7 12. b4 axb4 13. axb4 Be6 14. b5 Ne7 15.
Qc2 c6 1/2-1/2